[Event "GER-chT U20"]
[Site "Osnabrueck"]
[Date "2018.12.29"]
[Round "6.2"]
[White "Roessel, Louis"]
[Black "Muehlpfordt, Thomas"]
[Result "1-0"]
[WhiteElo "1977"]
[BlackElo "1927"]
[PlyCount "27"]
[EventDate "2018.12.27"]
[EventType "team-swiss"]
[EventRounds "7"]
[EventCountry "GER"]
[SourceTitle "CBM 188 Extra"]
[Source "ChessBase"]
[SourceDate "2019.02.26"]
[SourceVersion "1"]
[SourceVersionDate "2019.02.26"]
[SourceQuality "1"]
[WhiteTeam "Hoyerswerda"]
[BlackTeam "Lambsheim"]
[WhiteTeamCountry "GER"]
[BlackTeamCountry "GER"]

1. e4 e5 2. Nf3 Nc6 3. Bc4 Nf6 4. d3 d5 5. exd5 Nxd5 6. h3 Bc5 7. 0-0 0-0 8. Re1 Re8 9. a3 f6 10. d4 Bb6 11. dxe5 Be6 12. exf6 gxf6 13. Rxe6 Rxe6 14. Qxd5 1-0

[Event "Hradec Kralove op 8th"]
[Site "Hradec Kralove"]
[Date "2017.10.03"]
[Round "3"]
[White "Riha, Vojtech"]
[Black "Roessel, Louis"]
[Result "1/2-1/2"]
[WhiteElo "2108"]
[BlackElo "1831"]
[PlyCount "106"]
[EventDate "2017.10.01"]
[EventType "swiss"]
[EventRounds "9"]
[EventCountry "CZE"]
[SourceTitle "CBM 181 Extra"]
[Source "ChessBase"]
[SourceDate "2017.12.12"]
[SourceVersion "1"]
[SourceVersionDate "2017.12.12"]
[SourceQuality "1"]

1. e4 c5 2. b4 cxb4 3. a3 e5 4. axb4 Bxb4 5. c3 Be7 6. d4 d6 7. f4 Nf6 8. Bd3 Qc7 9. Nf3 Bg4 10. 0-0 0-0 11. h3 Bxf3 12. Rxf3 Nc6 13. Be3 Rfe8 14. Na3 a6 15. Nc2 Bf8 16. fxe5 dxe5 17. Bg5 Be7 18. Bxf6 Bxf6 19. Ne3 exd4 20. Nd5 Qe5 21. Rf5 Qg3 22. Rf3 Qe5 23. Rf5 Qg3 24. Rf3 Qg5 25. Rf5 Qh4 26. Rf4 Qh6 27. Nxf6+ gxf6 28. Qg4+ Kh8 29. cxd4 Rg8 30. Qf5 Nxd4 31. Qxf6+ Qxf6 32. Rxf6 Kg7 33. Rb6 Ne6 34. Bc4 Nc5 35. Bd5 Rge8 36. Bxb7 Rab8 37. Rab1 Nxb7 38. Rxb7 Rxb7 39. Rxb7 Rxe4 40. Ra7 Ra4 41. Kf2 Ra3 42. g3 Kg6 43. Ra8 a5 44. Ra7 a4 45. Ra5 Ra1 46. g4 a3 47. Kg2 Kf6 48. Ra8 Ke5 49. Ra7 h6 50. Rxf7 Rc1 51. Ra7 Rc2+ 52. Kg3 a2 53. h4 Rc3+ 1/2-1/2

[Event "GER-chT U16"]
[Site "Lingen"]
[Date "2015.12.27"]
[Round "2.2"]
[White "Dechant, Georg"]
[Black "Roessel, Louis"]
[Result "1-0"]
[WhiteElo "1904"]
[BlackElo "1790"]
[PlyCount "102"]
[EventDate "2015.12.27"]
[EventType "team-swiss"]
[EventRounds "7"]
[EventCountry "GER"]
[SourceTitle "EXT 2017"]
[Source "ChessBase"]
[SourceDate "2016.10.25"]
[SourceVersion "1"]
[SourceVersionDate "2016.10.25"]
[SourceQuality "1"]
[WhiteTeam "Regensburg Bavaria"]
[BlackTeam "Hoyerswerda"]
[WhiteTeamCountry "GER"]
[BlackTeamCountry "GER"]

1. e4 c5 2. Nf3 d6 3. d4 cxd4 4. Nxd4 Nf6 5. Nc3 a6 6. f4 e5 7. Nf3 Nbd7 8. Qe2 b5 9. Bd2 Bb7 10. 0-0-0 Qc7 11. a3 Rc8 12. Be1 Be7 13. Rg1 exf4 14. Nd4 g6 15. g4 Nc5 16. Bg2 h5 17. Bf3 hxg4 18. Bxg4 Rd8 19. Bf3 Nfd7 20. Bd2 Ne5 21. Bxf4 Nc4 22. Ndxb5 axb5 23. Nxb5 Qb6 24. Qxc4 Ba6 25. Be2 Rh4 26. Be3 Qb7 27. Bxc5 dxc5 28. Rxd8+ Kxd8 29. Rd1+ Ke8 30. Qa4 Kf8 31. Bd3 Rxh2 32. Rf1 Rh4 33. Qb3 Bg5+ 34. Kb1 Bxb5 35. Bxb5 Rxe4 36. Rd1 Be7 37. Rd7 Re1+ 38. Ka2 Qe4 39. Qc3 Rh1 40. Bc4 Qf4 41. Bd5 Rh2 42. Ra7 Qd4 43. Qb3 Qf4 44. Ra4 Qf2 45. Qb8+ Kg7 46. Rf4 Qd2 47. Rxf7+ Kh6 48. Qh8+ Kg5 49. Qe5+ Kh6 50. Rxe7 Rh5 51. Qh8+ Kg5 1-0

[Event "GER-ch Net qual2 U14"]
[Site "Playchess.com INT"]
[Date "2011.05.04"]
[Round "1"]
[White "Mager, Denis"]
[Black "Roessel, Louis"]
[Result "1-0"]
[WhiteElo "1714"]
[BlackElo "1389"]
[PlyCount "51"]
[EventDate "2011.05.04"]
[EventType "swiss (blitz)"]
[EventRounds "7"]
[EventCountry "GER"]
[SourceTitle "CBM 142 Extra"]
[Source "ChessBase"]
[SourceDate "2011.06.27"]
[SourceVersion "1"]
[SourceVersionDate "2011.06.27"]
[SourceQuality "1"]

1. d4 d5 2. c4 dxc4 3. Nf3 b5 4. e3 Nc6 5. a4 b4 6. Bxc4 g6 7. Qb3 e6 8. Bb5 Bb7 9. Qc2 Nf6 10. Bxc6+ Bxc6 11. Qxc6+ Ke7 12. Bd2 Nd5 13. e4 Rb8 14. exd5 Rb6 15. Qc5+ Qd6 16. Qxd6+ Kxd6 17. dxe6 Kxe6 18. 0-0 Kd5 19. b3 Bd6 20. Be3 f5 21. Nbd2 h5 22. Nc4 Rc6 23. Nfe5 Bxe5 24. dxe5 Re8 25. Rfd1+ Ke4 26. f3# 1-0

[Event "GER-ch Net qual2 U14"]
[Site "Playchess.com INT"]
[Date "2011.05.04"]
[Round "6"]
[White "Roessel, Louis"]
[Black "Dehm, David"]
[Result "1-0"]
[WhiteElo "1389"]
[BlackElo "1376"]
[PlyCount "37"]
[EventDate "2011.05.04"]
[EventType "swiss (blitz)"]
[EventRounds "7"]
[EventCountry "GER"]
[SourceTitle "CBM 142 Extra"]
[Source "ChessBase"]
[SourceDate "2011.06.27"]
[SourceVersion "1"]
[SourceVersionDate "2011.06.27"]
[SourceQuality "1"]

1. d4 d5 2. Nf3 Nc6 3. g3 Nf6 4. Bg2 Bf5 5. 0-0 e6 6. Nc3 Bd6 7. a3 0-0 8. Re1 e5 9. Bg5 e4 10. Bxf6 Qxf6 11. Nh4 Nxd4 12. Nxf5 Nxf5 13. g4 Ne7 14. f3 exf3 15. exf3 Rfe8 16. f4 Qxf4 17. Bxd5 Qxh2+ 18. Kf1 Qh1+ 19. Bxh1 1-0

[Event "GER-ch Net qual2 U14"]
[Site "Playchess.com INT"]
[Date "2011.05.04"]
[Round "3"]
[White "Roessel, Louis"]
[Black "Firat, Kaan"]
[Result "0-1"]
[WhiteElo "1389"]
[BlackElo "1529"]
[PlyCount "49"]
[EventDate "2011.05.04"]
[EventType "swiss (blitz)"]
[EventRounds "7"]
[EventCountry "GER"]
[SourceTitle "CBM 142 Extra"]
[Source "ChessBase"]
[SourceDate "2011.06.27"]
[SourceVersion "1"]
[SourceVersionDate "2011.06.27"]
[SourceQuality "1"]

1. d4 Nf6 2. Nf3 d5 3. Nc3 e6 4. g3 c5 5. e3 Nc6 6. Bb5 Bd7 7. Ng5 h6 8. f3 hxg5 9. e4 dxe4 10. fxe4 cxd4 11. Nd5 exd5 12. Bxg5 Qa5+ 13. Qd2 Qxb5 14. exd5 Nxd5 15. Rf1 Bb4 16. c3 dxc3 17. bxc3 Bxc3 18. Qxc3 Nxc3 19. Kd2 Ne4+ 20. Ke3 Nxg5 21. Rab1 Qe5+ 22. Kf2 Ne4+ 23. Ke2 Nxg3+ 24. Kf2 Rxh2+ 25. Kg1 0-1